000 01569 a2200241 4500
003 Nust
005 20220802125506.0
010 _a 2003064138
020 _a0306483165
040 _cNust
082 0 0 _a572.36,BIO
245 0 0 _aVery High Frequency (VHF) ESR/EPR /
_cedited by Oleg Y. Grinberg and Lawrence J. Berliner.
260 _aNew York :
_bKluwer Academic/Plenum Publishers,
_c2004.
300 _axxi, 569 p. :
_bill. ;
_c24 cm.
440 0 _aBiological magnetic resonance ;
_vv. 22
_996271
505 _aThe Early years (Page-1), The Development of High Field / High Frequency ESR (Page-19), Primary Processes in Photosynthesis (Page-46), High Field ESR (Page-96), The use of Very High Frequency EPR (VHF-EPR) in Studies of Radicals and Metal Sites in Proteins (Page-145),Time Resolved High Frequency and Frequency EPR Studies of Spin Correlated Radical Pairs in Photosynthetic (Page-166), Molecular Dynamics of Gd(III) Complexes in Aqueous Solution (Page-207), Pluse High Frequency EPR (Page-249), High Frequency EPR, ESEEM and ENDOR Stuides of Paramagnetic (Page-278), W-Band Pluse ENDOR of Transition Metal Centers in Orientationally Disordered (Page-306),
_g,
650 0 _aElectron paramagnetic resonance spectroscopy.
_996272
700 1 _aBerliner, Lawrence J.
_996273
700 1 _aGrinberg, Oleg Y.
_996274
856 4 2 _3Contributor biographical information
_uhttp://www.loc.gov/catdir/enhancements/fy0819/2003064138-b.html
856 4 2 _3Publisher description
_uhttp://www.loc.gov/catdir/enhancements/fy0819/2003064138-d.html
942 _cREF
_2ddc
999 _c176924
_d176924